000
00195 a2200097 4500
001
52768
100
_a
Wells, George
245
_a
Tanrus
260
_a
New York
_b
Signet
_c
090
_c
33210
_d
33210
942
_a
NUST-CAE
_c
_c
25793
999
_c
287841
_d
287841